000 01658nam a2200229Ia 4500
001 21712
005 20260421103818.0
008 260320s9999||||xx |||||||||||||| ||und||
022 _a07172168
041 _aESP
082 _aHR 200 OTOÑO-INVIERNO 2025
_bHUMANITAS
110 _aPontificia Universidad Católica de Chile
245 0 _aHumanitas :
_brevista de antropología y cultura cristiana
260 _aSantiago :
_bPontificia Universidad Católica de Chile,
_c2025
300 _a356 páginas :
_bfotografías ;
_c24 cm.
505 _aN° 110 (2025) - Austen Ivereigh: "El atributo que León XIV nos traerá es la paz". Por Valentina Jensen y Sofía Brahm - Jesús y las mujeres, el ministerio del cuidado. Por Linda Pocher - La empatía en la propuesta antropológica del Papa Francisco. Por María Asunción Pérez-Cotapos y Carlos Cornejo - Ser universidad y ser católica, una identidad doblemente definida. Por Juan Larraín C. - "Su vida es nuestra vida; su misión es nuestra misión". 150 años de la sociedad del Verbo Divino. Por Sergio Edwards SVD. APUNTES Y NOTAS: - Simplemente "El cántico del hermano sol o de las criaturas". Por Cardenal Celestino Aós - La promoción de los objetivos de desarrollo sostenible como servicio a los demás. Por Rodrigo Polanco - Hildegard von Bingen. Una mujer iluminada y luminosa del siglo XII. Por Gina Allende Martínez
650 _aREL
653 _aReligión - Revista; Antropología - Revista
654 _aCHU
856 _uhttps://dialnet.unirioja.es/servlet/revista?codigo=10862
_zVersión digital
942 _cREV
_dJUS
_fMAT
_2ddc
999 _c21712
_d21712